Write and sell your free-lance article : a complete guide to the general and specialized article marketplace, with step-by-step instructions on how to write and sell magazines and newspaper articles /

Bibliographic Details
Main Author: Allen, Linda Buchanan, 1955-
Format: Book
Language:English
Published: Boston : The Writer, [1991]
Subjects:

MARC

Tag First Indicator Second Indicator Subfields
LEADER 00000cam a2200000 a 4500
001 in00001069705
005 20150929101545.0
008 910708s1991 mau 000 0 eng
010 |a  91027068  
020 |a 0871161648 
035 |a (OCoLC)24218768 
035 |9 AFP2009AM 
040 |a DLC  |c DLC  |d TXA  |d UtOrBLW 
049 |a TXAM 
050 0 0 |a PN151  |b .A47 1991 
082 0 0 |a 808/.02  |2 20 
100 1 |a Allen, Linda Buchanan,  |d 1955- 
245 1 0 |a Write and sell your free-lance article :  |b a complete guide to the general and specialized article marketplace, with step-by-step instructions on how to write and sell magazines and newspaper articles /  |c Linda Buchanan Allen. 
264 1 |a Boston :  |b The Writer,  |c [1991] 
264 4 |c ©1991 
300 |a 155 pages ;  |c 22 cm. 
336 |a text  |b txt  |2 rdacontent 
337 |a unmediated  |b n  |2 rdamedia 
338 |a volume  |b nc  |2 rdacarrier 
650 0 |a Authorship. 
650 0 |a Authorship  |x Marketing. 
650 0 |a Feature writing. 
999 |a MARS 
999 f f |s c15754c3-987a-3a1b-80ea-c84122e1d911  |i c946d00b-a9c9-359c-aa42-61415bd7a25a  |t 0 
952 f f |p ric  |a Texas A&M University  |b Rellis Campus  |c Joint Library Facility  |d Remote Storage  |t 0  |e PN151 .A47 1991  |h Library of Congress classification  |i unmediated -- volume  |m A14815655883 
998 f f |a PN151 .A47 1991  |t 0  |l Remote Storage